00595nam a22002057a 450000500170000001000130001702000220003003500130005203700160006504000120008108200180009310000170011124500480012826000420017627000490021830000290026750000500029665000310034665000120037720170124110025.0 aA-948845 c00.00a0195647831 aA-948845 bCen Lib/Ret aDPLbEN a594.0471bAPT aApte, Deepak aThe book of Indian shells /cby Deepak Apte bOxford University PressaMumbaic1998 aOxford House, Apollo BunderbMumbaie400 039 aix,115p. :c20(Hb)bill. aIncludes bibliographical references and index aShells -- Identification.  aShells.